000 00413cam a2200169ua 4500
020 _c5.50
041 _aeng
_h
082 _a821.301
_bTAG/BA
100 _aTagore, Ravindranath .
245 _aBalasahityam /
_cRavindranathnath Tag0re.
_hTextual Documents
260 _aDelhi :
_bSahitya Academy, ,
_c1964.
300 _a250 ; .
365 _a5.50
504 _a
942 _cBK
999 _c12029
_d12029